000 00545nam a2200205Ia 4500
005 20250508170026.0
008 008 250505s9999 xx 000 0 eng d
020 _a978-1-5063-5845-1
037 _aTextual
040 _aFEDL
_beng
_cFEDL
041 _aeng
_2eng
084 _a370.1, ADA
_qFEDL
100 _aAdams John
245 0 _aEducational theory
260 _aNew Delhi, India
_bSarup Book Publishers
_c2018
300 _aiv, 327p.
365 _aINR
_b1000
942 _cTEXL
_h370.1, ADA
999 _c1398743
_d1398743